00561nam a2200169Ia 4500999001700000003000400017005001700021008004100038040000900079082002200088100003200110245010100142260006400243300000900307650002500316942005000341 c35513d35513OSt20210121123329.0190216s9999||||xx |||||||||||||| ||und|| coclc a301.550973bSCH/I aSchneider, Eugene V 98343 0aIndustrial Sociology :bThe Social Relations Of Industry And The Community /cEugene V Schneider bTata Mcgraw Hill Publishing Company Ltd,c1979.aNew Delhi: a625p aIndustrial Sociology cBK2ddch301.550973iSCH/Ik301.550973mSCH/I